000 00265nam a2200109Ia 4500
008 230907s9999||||xx |||||||||||||| ||und||
082 _a621.317
_bING
245 0 _aSwitchgear and protection /
260 _aPearson,
_bNoida :
_c2018
300 _a553 p.
942 _cBK
999 _c599959
_d599959